बॉडी लैंग्वेज : (Record no. 52211)

MARC details
000 -LEADER
fixed length control field 00640nam a2200181Ia 4500
005 - DATE AND TIME OF LATEST TRANSACTION
control field 20260429112055.0
008 - FIXED-LENGTH DATA ELEMENTS--GENERAL INFORMATION
fixed length control field 260429s9999||||xx |||||||||||||| ||und||
020 ## - INTERNATIONAL STANDARD BOOK NUMBER
International Standard Book Number 9788126938773
041 ## - LANGUAGE CODE
Language Hindi
082 ## - DEWEY DECIMAL CLASSIFICATION NUMBER
Classification number 153.69
Item number LEW
100 ## - MAIN ENTRY--PERSONAL NAME
Personal name लेविस, हेडविग
245 #0 - TITLE STATEMENT
Title बॉडी लैंग्वेज :
Remainder of title पेशावरों के लिए एक पथप्रदर्शक /
Statement of responsibility, etc हेडविग लेविस
250 ## - EDITION STATEMENT
Edition statement 3rd ed.
260 ## - PUBLICATION, DISTRIBUTION, ETC. (IMPRINT)
Place of publication, distribution, etc नई दिल्ली :
Name of publisher, distributor, etc अटलांटिक,
Date of publication, distribution, etc 2026.
300 ## - PHYSICAL DESCRIPTION
Extent xx, 229 p.; Pb
650 ## - SUBJECT ADDED ENTRY--TOPICAL TERM
Topical term or geographic name as entry element Nonverbal Communication
942 ## - ADDED ENTRY ELEMENTS (KOHA)
Koha item type Text Books
Holdings
Withdrawn status Lost status Damaged status Not for loan Collection code Home library Location Shelving location Date of Cataloging Source of acquisition Total Checkouts Full call number Barcode Date last seen Price effective from Koha item type
        Non-fiction CUTN Central Library CUTN Central Library Philosophy & psychology 29/04/2026 Atlantic Publishers and Distributors, Chennai - Invoice No. 3013318 on 17-02-2026   153. 69 LEW 57287 29/04/2026 29/04/2026 Text Books